| 000 | 01602nam a2200229Ia 4500 | ||
|---|---|---|---|
| 003 | Ost | ||
| 005 | 20260507075352.0 | ||
| 008 | 260507s9999||||xx |||||||||||||| ||und|| | ||
| 020 | _a44860299579 | ||
| 040 | _cfsecg | ||
| 041 | _aara | ||
| 082 | _a330 | ||
| 100 |
_aالطائي، منى محمد علي _eمؤلف |
||
| 245 | 0 |
_aالإقتصاد الاداري ومنظومة الأعمال / _c منى محمد علي الطائي |
|
| 260 |
_aعمان: _bدار مجدلاوي للنشر والتوزيع, _c2013 |
||
| 300 |
_a294 صفحة؛ _bإيضاحات ؛ _c24 سم |
||
| 520 | _aأساسيات الإقتصاد الإداري ومنظومة الأعمال- نظام السوق الإقتصادي الحر- صنع وإتخاذ القرار في الظروف البيئية المختلفة- الربح وأهميته لمنظومة الاعمال- الربح والإنتماء السوقي لمنظومة الأعمال- الربح وإحتكار القلة- طروحات في تبرير الأرباح- تقنيات في إدارة الارباح- إدارة الطلب وإيرادات المنشأة- تحليل وإدارة الإنتاج والبعد الزمني- تحليل وإدارة التكاليف- إستراتيجيات وأهداف منظومة الأعمال- الخيارات الإستراتيجية السعرية لمنظومة الأعمال- خيارات إستراتيجية لا سعرية لتعزيز القدرات التنافسية | ||
| 653 | _aإدارة الأعمال | ||
| 653 | _aالإدارة | ||
| 653 | _aالإقتصاد | ||
| 942 | _cكتاب | ||
| 999 |
_c44154 _d44154 |
||